| 000 | 01858cam a2200385 a 4500 | ||
|---|---|---|---|
| 001 | 14876662 | ||
| 005 | 20070730121341.0 | ||
| 008 | 070602s2007 enk |r 000 1 eng d | ||
| 010 | _a 2007276483 | ||
| 020 | _a0747588198 | ||
| 020 | _a9780747588191 | ||
| 035 | _a(OCoLC)ocm85821333 | ||
| 035 | _a(OCoLC)85821333 | ||
| 040 |
_aOCO _cOCO _dOCO _dYDXCP _dBAKER _dDLC |
||
| 042 | _alccopycat | ||
| 050 | 0 | 0 |
_aPR6069.O78 _bI18 2007 |
| 082 | 0 | 0 |
_a823.914 _222 _bSOU |
| 100 | 1 |
_aSoueif, Ahdaf. _95107 |
|
| 245 | 1 | 0 |
_aI Think of You : _bSelected Stories from Aisha and Sandpiper / _cAhdaf Soueif. |
| 260 |
_aLondon : _cBloomsbury, 2007 _c2007 |
||
| 300 |
_a180 p. ; _c21 cm. |
||
| 500 | _a"Aisha first published in Great Britain 1983; Sandpiper first published in Great Britain 1996" | ||
| 505 | 0 | _aKnowing -- 1964 -- Returning -- Mandy -- Satan -- Chez Milou -- Melody -- I think of you -- Sandpiper. | |
| 650 |
_910562 _aLove stories. |
||
| 653 |
_bENG _cJune2011 |
||
| 700 |
_95074 _aSoueif, Ahdaf. _tAisha |
||
| 700 |
_95074 _aSoueif, Ahdaf. _tSandpiper |
||
| 856 | 4 | 2 |
_3Contributor biographical information _uhttp://www.loc.gov/catdir/enhancements/fy0738/2007276483-b.html |
| 856 | 4 | 2 |
_3Publisher description _uhttp://www.loc.gov/catdir/enhancements/fy0738/2007276483-d.html |
| 856 | 4 | 1 |
_3Sample text _uhttp://www.loc.gov/catdir/enhancements/fy0738/2007276483-s.html |
| 942 |
_2ddc _cBB |
||
| 999 |
_c11612 _d11612 |
||